| 000 | 01150nam a22003257a 4500 | ||
|---|---|---|---|
| 003 | CHAP | ||
| 005 | 20220329135528.0 | ||
| 008 | 971013s1978 r 00010 d | ||
| 010 | _a38089 | ||
| 011 | _a39061 | ||
| 035 | _a43181 | ||
| 040 | _cCHAP | ||
| 090 | _aTesis | ||
| 100 | 0 | 0 |
_aQuiroga Garza, Héctor Mario. _993497 |
| 245 | _aEvaluación y selección de ochos líneas y dos variedades de tomate (Lycopersicon esculentum Mill) en Apodaca, N. L. | ||
| 260 |
_aMonterrey, N. L. : _bEl autor, _c1978 |
||
| 300 |
_a60 h. _b; gráfs. |
||
| 502 | _aTesis (Ing. Agr. en Producción Agropecuaria) -- ITESM. División de Ciencias Agropecuarias y Marítimas | ||
| 590 |
_aALEPH _b10 _c20130110 _lUCH01 _h1303 |
||
| 590 |
_aBATCH-UPD _b10 _c20130110 _lUCH01 _h0117 |
||
| 590 |
_aBATCH-UPD _b10 _c20130110 _lUCH01 _h1119 |
||
| 590 |
_aBATCH-UPD _b10 _c20130409 _lUCH01 _h2109 |
||
| 590 |
_aBATCH-UPD _b10 _c20130914 _lUCH01 _h1949 |
||
| 590 |
_aCONVERSION _b10 _c20130109 _lUCH01 _h1321 |
||
| 650 | 1 | 4 |
_aTomate _xMejoramiento. _9113737 |
| 650 | 1 | 4 |
_aTomate _xNuevo León. _9113746 |
| 901 | _aBK | ||
| 942 | _cTESIS | ||
| 949 |
_bBC _cTES _d-99128 _eTS1 _i43181 _si |
||
| 999 |
_c38089 _d38089 |
||